Statistics for US States With the Highest Concentration of McDonalds Restaurants

Click here to take the quiz!

General Stats

  • This quiz has been taken 127 times
  • The average score is 7 of 10

Answer Stats

RankMcDonalds Per 100,000 ResidentsState% Correct
95.97Indiana
79%
17.10Ohio
79%
26.38Michigan
73%
86.05Tennessee
70%
105.94Kentucky
66%
36.36Kansas
62%
76.10Missouri
59%
66.21Arkansas
57%
46.33Maryland
55%
56.30Louisiana
55%

Score Distribution

Percentile by Number Answered

Percent of People with Each Score

Your Score History

You have not taken this quiz